駅名に「松江」が含まれる駅 - Statistics

General Stats
  • This quiz has been taken 81 times
  • The average score is 6 of 9
Answer Stats
都道府県 Answer % Correct
島根県 松江
100%
和歌山県 東松江
84%
島根県 東松江
84%
島根県 松江しんじ湖温泉
77%
島根県 松江イングリッシュガーデン前
53%
兵庫県 林崎松江海岸
48%
島根県 松江フォーゲルパーク
48%
和歌山県 中松江
41%
福岡県 豊前松江
41%
No matching quizzes found
Score Distribution
Percent of People with Each Score
Percentile by Number Answered
Your Score History
You have not taken this quiz